MDQL
is popping MORE tags! Check the
thread
!
Quizzes
Events
Quiz Creation
Community
Videos
Private Events
Remove Ads
Sign In
Join for FREE
Feedback
Dark Mode
Quiz Categories
Sports
Geography
Music
Movies
Television
Just For Fun
Miscellaneous
History
Literature
Language
Science
Gaming
Entertainment
Religion
Holiday
For Kids
Quiz Lab
Recent
Popular Today
Quiz Kudos Today
Editor Picks
Curator Picks
Quizzes by...
Day
Popularity
Type
Ratings
Length
Year
Community
Subscriptions
Recent Discussions
Orange Saloon
Badges
Playlists
Quests
Create
Leaderboards
Showdown
Live 5
Trivia Bingo
Activity
Puzzle Library
Sporcle Events
Private Events
Virtual Trivia
Globe League
Become a Host
Pub Owners
SporcleCon
Opinionation
Our Games
Videos
Blog
Mobile Apps
Partnerships
Remove Ads and Go Orange
Feedback
Sports
Athletes
MLB
NBA
NHL
NFL
Soccer
Sports Teams
WWE
NCAA
Football
Premier League
Basketball
Baseball
Hockey
Golf
Tennis
Cricket
Rugby
Auto Racing
Olympics
World Cup
Sports
Athletes
MLB
NBA
NHL
NFL
Soccer
Sports Teams
WWE
NCAA
Football
Premier League
Basketball
Baseball
Hockey
Golf
Tennis
Cricket
Rugby
Auto Racing
Olympics
World Cup
Random Quiz
Search Sporcle
×
Quiz Lab
Quiz Lab
Sports
San Diego Padres
Type in answers that appear in a list
Type in answers that appear in a list
Classic
Best Score? Go Orange.
2015 Padres coaching staff Stats
Can you name the 2015 Padres coaching staff?
By
gaslampball
2m
10 Questions
157 Plays
157 Plays
157 Plays
Comments
Comments
Give Quiz Kudos
Give Quiz Kudos
-
- Ratings
hide this ad
Replay
Link that replays current quiz
Next Quiz
Link to next quiz in quiz playlist
You Got
0%
They Got
Avg Score
55%
Avg Friend Score
Upgrade to see
Score Distribution
Jump to the score distribution portion of the page
Score
0/10
Timer
02:00
0
Plays Today
#
Coach
% Correct
20
Bud Black
99.4%
8
Dave Roberts
83.4%
14
Mark Kotsay
82.2%
30
Glenn Hoffman
81.5%
36
Darren Balsley
80.9%
17
Jose Valentin
41.4%
32
Alonzo Powell
40.8%
80
Justin Hatcher
22.3%
47
Willie Blair
14.6%
81
Griffin Benedict
7%
Quiz Playlist
Details
Report
Send in Message
Add To Playlist
Classic:
Type in answers that appear in a list
Last Updated: Feb 16, 2017
Quiz Scoreboard
CHALLENGE
Sign Up to Join the Scoreboard
Show All
Scores
Hide
Comments
May contain spoilers
Recently Published
Two Season TV Shows II
by 123Four
Television
10m
Image Sorting: Flags VI
by Barbecue
Geography
2m
Find the 'City' Movie
by crazypaving
Movies
60s
More to Explore
Quiz From the Vault
Featured Blog Post
14 Easter Pick-up Lines to Find Eggs With
hide this ad
You Might Also Like...
Tags
2015
coach
San Diego Padres
staff
Today's Top Quizzes in Sports
Browse Sports
hide this ad
Today's Top Quizzes in San Diego Padres
Browse San Diego Padres
Top Contributed Quizzes in Sports
1
Les meilleurs buteurs des matchs entre le PSG et l’OM
2
Les entraîneurs de l'OM et du PSG au 21e siècle
3
2022 World Cup Stars
4
Les joueurs passés par le PSG et l'OM
5
Players with Multiple 50 Home Run Seasons
6
Criteria MLB: Left Handed Sluggers
7
FIFA Club World Cup Champions
8
Les joueurs passés par le LOSC et le RC Lens
9
NBA Logic Puzzle 2.0
10
Top 10 NHL Goal Scorers of All Time
Explore More
Trending Topics
Crossword
NBA
Kpop
Disney
Marvel
Harry Potter
Anime
The Office
Song
Puzzle
NFL
Pokémon
Country
WWE
Soccer
hide this ad
More By:
gaslampball
Quiz
Plays
Rating
Category
Featured
Created
San Diego Padres Opening Day Starting Pitchers
8,263
4.34
Sports
Apr 3, 2016
Players with 8 or more seasons with the Padres
2,021
4.00
Sports
Jan 24, 2016
Boston Red Sox 2013 Playoff Roster
1,022
4.17
Sports
Oct 21, 2013
Padres shortstops since Khalil Greene
740
5.00
Sports
Sep 19, 2015
Padres who hit .300 in a season
740
4.67
Sports
Oct 10, 2016
Go to Creator's Profile
Score Distribution
Quiz Creator Spotlight
gaslampball
Follow
Send a Message
Quizzes Created
-
Created Quiz Play Count
-
More By This Creator
Popular Quizzes Today
1
Colored Red Africa Blitz
2
Find the US States - No Outlines Minefield
3
Find the 'City' Movie
4
5x2 Blitz: Bands
5
The Countries of the World
6
Find the US States
7
Find the Countries of Europe - No Outlines Minefield
8
US States
More Sports Quizzes
Italy international footballers in England
Quiz Lab
Trending Quizzes
Colored Red Europe Blitz I
Colored Red Africa Blitz II
Colored Red Europe Blitz II
Colored Red Africa Blitz III
Colored Red Europe Blitz III
Recently Updated
How Do You Spell That?
pecheneg
Godzilla Movies
pecheneg
Grab Bag: 4-10 Letters
pecheneg
2024 March Madness Bracket
pecheneg
Famous TV Couples
Peacemaker
Champions League XIs: Real Madrid
pecheneg
Largest US Cities 1790-2010
pecheneg
Rides in Walt Disney World
pecheneg
Most Oscar Losses (Acting)
pecheneg
Beyoncé Albums
pecheneg
Trending Topics
Disney
Crossword
NBA
Kpop
Harry Potter
Marvel
Anime
Puzzle
Country
NFL
Song
The Office
Soccer
Pokémon
WWE
Your Account Isn't Verified!
In order to create a playlist on Sporcle, you need to verify the email address you used during registration. Go to your
Sporcle Settings
to finish the process.
Report this User
Report this user for behavior that violates our
Community Guidelines
.
Details:
Send Report
Go to the Sporcle.com Mobile Site →
Comments